Normal view
MARC view
- ZIM,S.HERBERT
Entry Personal Name
001 - CONTROL NUMBER
- control field: 134026
003 - CONTROL NUMBER IDENTIFIER
- control field: NUST
005 - DATE AND TIME OF LATEST TRANSACTION
- control field: 20260409154731.0
008 - FIXED-LENGTH DATA ELEMENTS
- fixed length control field: 260409|| aca||aabn | a|a d
040 ## - CATALOGING SOURCE
- Original cataloging agency: NUST
- Transcribing agency: NUST
100 ## - HEADING--PERSONAL NAME
- Personal name: ZIM,S.HERBERT
670 ## - SOURCE DATA FOUND
- Source citation: Work cat.: (NUST): ZIM,S.HERBERT., A GOLDEN GUIDE BIRDS /, 1949.
